Pop Culture Characters by LEGO Minifig - Statistics

General Stats
  • This quiz has been taken 528 times
  • The average score is 14 of 16
Answer Stats
Picture Answer % Correct
Spider-Man
100%
Batman
99%
Captain Jack Sparrow
97%
Homer Simpson
97%
Darth Vader
96%
Woody
94%
Deadpool
92%
Aquaman
91%
Indiana Jones
90%
Fred Flintstone
82%
Leonardo
79%
Sheldon Cooper
73%
Link
71%
Legolas Greenleaf
70%
Dwight Schrute
68%
Marty McFly
59%
No matching quizzes found
Score Distribution
Percent of People with Each Score
Percentile by Number Answered
Your Score History
You have not taken this quiz